00834pam a2200265 i 4500001000500000005001700005008004100022020001500063020002700078020001800105040002300123050002000146082001000166100002000176245007600196260003100272300004100303505000800344520009500352521002000447521002000467650002600487650003600513700001900549128520230815131251.0790307s1979 nyua j 000 1 eng  a0688221955 a068832195X (lib. bdg.) a9780380709526 aDLCcDLCdDLCbeng00aPZ7.C5792bRaif00a[Fic]1 aCleary, Beverly10aRamona and her mother /cBeverly Cleary ; illustrated by Alan Tiegreen. aNew York :bMorrow,c1979. a207 pages :bIllustrations ;c20 cm. aW  aRamona at 7 1/2 sometimes feels discriminated against by being the youngest in the family. a860 bLexile  aW bRaz-Plus  1aFamily lifexFiction. 1aMothers and daughtersxFiction.1 aTiegreen, Alan